[Event "AsianNationCup2018"]
[Site "Hamedan"]
[Date "2018.07.31"]
[Round "4.10"]
[White "Tahbaz, Arash"]
[Black "Tran, Tuan Minh"]
[Result "1-0"]
[BlackElo "2520"]
[WhiteElo "2449"]
[LiveChessVersion "1.4.8"]

1. e4 {[%clk 1:30:54]} c5 {[%clk 1:30:38]} 2. Nc3 {[%clk 1:30:46]} d6
{[%clk 1:30:43]} 3. d4 {[%clk 1:31:13]} cxd4 4. Qxd4 {[%clk 1:31:41]} Nc6
{[%clk 1:31:23]} 5. Qd2 {[%clk 1:32:10]} Nf6 {[%clk 1:31:14]} 6. b3
{[%clk 1:32:38]} a6 {[%clk 1:29:49]} 7. Bb2 {[%clk 1:33:05]} e6 {[%clk 1:29:33]}
8. O-O-O {[%clk 1:33:32]} Be7 {[%clk 1:29:53]} 9. f4 {[%clk 1:31:12]} b5
{[%clk 1:29:04]} 10. Bd3 {[%clk 1:30:28]} Bb7 {[%clk 1:19:18]} 11. Nf3
{[%clk 1:30:48]} Nb4 {[%clk 1:19:18]} 12. Kb1 {[%clk 1:29:26]} Nxd3
{[%clk 1:19:12]} 13. cxd3 {[%clk 1:29:34]} b4 14. Na4 {[%clk 1:22:35]} Bc6
{[%clk 1:07:35]} 15. Nd4 {[%clk 1:21:13]} Bxa4 {[%clk 1:06:32]} 16. bxa4
{[%clk 1:21:32]} O-O {[%clk 0:42:06]} 17. g4 Rc8 18. Rc1 {[%clk 1:08:06]} Qd7
{[%clk 0:41:21]} 19. g5 {[%clk 1:04:29]} Nh5 20. f5 {[%clk 0:53:59]} e5
{[%clk 0:41:05]} 21. f6 {[%clk 0:46:31]} exd4 {[%clk 0:40:27]} 22. fxe7
{[%clk 0:45:09]} Qxe7 {[%clk 0:40:52]} 23. Qxb4 Qxg5 {[%clk 0:22:35]} 24. Qxd4
{[%clk 0:40:38]} Rcd8 {[%clk 0:11:06]} 25. Rhg1 {[%clk 0:39:09]} Qh6
{[%clk 0:05:47]} 26. Rcf1 {[%clk 0:33:31]} Rb8 {[%clk 0:04:41]} 27. Ka1
{[%clk 0:30:54]} Rxb2 {[%clk 0:04:16]} 28. Qxb2 {[%clk 0:31:18]} Qe3
{[%clk 0:03:29]} 29. Qc3 {[%clk 0:26:06]} g6 {[%clk 0:03:38]} 30. Rg2
{[%clk 0:24:56]} Ng7 {[%clk 0:01:34]} 31. Rg3 {[%clk 0:20:19]} Qe2
{[%clk 0:01:39]} 32. Rgf3 {[%clk 0:20:48]} Ne6 {[%clk 0:00:51]} 33. Qb2
{[%clk 0:19:31]} Qxb2+ {[%clk 0:01:15]} 34. Kxb2 {[%clk 0:20:00]} Rb8+
{[%clk 0:00:59]} 35. Kc3 {[%clk 0:20:29]} Rc8+ {[%clk 0:01:28]} 36. Kd2
{[%clk 0:20:50]} Nd4 {[%clk 0:00:57]} 37. Rxf7 {[%clk 0:20:04]} Rc2+
{[%clk 0:01:22]} 38. Kd1 {[%clk 0:19:47]} Rxa2 {[%clk 0:00:56]} 39. R1f6
{[%clk 0:18:33]} Rxa4 {[%clk 0:00:32]} 40. Rb7 {[%clk 0:18:28]} Ra3
{[%clk 0:00:37]} 41. Kd2 {[%clk 0:17:43]} 1-0

[Event "AsianNationCup2018"]
[Site "Hamedan"]
[Date "2018.07.31"]
[Round "4.11"]
[White "Nguyen, Anh Khoi"]
[Black "Javanbakht, Nima"]
[Result "1/2-1/2"]
[BlackElo "2439"]
[WhiteElo "2454"]
[LiveChessVersion "1.4.8"]

1. d4 {[%clk 1:30:58]} Nf6 {[%clk 1:30:44]} 2. c4 {[%clk 1:31:21]} e5
{[%clk 1:31:01]} 3. dxe5 {[%clk 1:31:44]} Ng4 {[%clk 1:31:25]} 4. Nf3
{[%clk 1:32:10]} Nc6 {[%clk 1:31:45]} 5. Bf4 {[%clk 1:31:46]} Bb4+
{[%clk 1:31:59]} 6. Nbd2 {[%clk 1:31:49]} d6 {[%clk 1:32:17]} 7. a3
{[%clk 1:18:36]} Bxd2+ {[%clk 1:32:10]} 8. Qxd2 {[%clk 1:17:37]} Ngxe5
{[%clk 1:30:41]} 9. Nxe5 {[%clk 1:16:20]} dxe5 {[%clk 1:31:06]} 10. Qxd8+
{[%clk 1:15:48]} Kxd8 {[%clk 1:31:03]} 11. O-O-O+ {[%clk 1:13:19]} Ke7 12. Bd2
Bf5 {[%clk 1:24:34]} 13. e3 {[%clk 1:11:44]} a5 {[%clk 1:23:02]} 14. b3
{[%clk 0:59:03]} Rhd8 {[%clk 1:12:42]} 15. Be2 {[%clk 0:59:03]} Bd3
{[%clk 1:12:42]} 16. Bxd3 {[%clk 0:59:03]} Rxd3 {[%clk 1:12:42]} 17. Kc2
{[%clk 0:59:03]} Rad8 {[%clk 1:12:42]} 18. Bc3 {[%clk 0:59:03]} Rxd1
{[%clk 1:04:07]} 19. Rxd1 {[%clk 0:59:47]} Rxd1 {[%clk 1:00:41]} 20. Kxd1
{[%clk 0:50:20]} Kd6 {[%clk 0:46:31]} 21. Kc2 {[%clk 0:50:13]} Kc5 22. Kd3 f5
{[%clk 0:46:02]} 23. f3 {[%clk 0:47:13]} g6 24. Be1 {[%clk 0:41:16]} b6
{[%clk 0:26:28]} 25. Bh4 {[%clk 0:29:13]} Kd6 {[%clk 0:24:49]} 26. Kc3
{[%clk 0:28:01]} h6 {[%clk 0:22:02]} 1/2-1/2

[Event "AsianNationCup2018"]
[Site "Hamedan"]
[Date "2018.07.31"]
[Round "4.12"]
[White "Gholami Orimi, Mahdi"]
[Black "Nguyen, Duc Hoa"]
[Result "0-1"]
[BlackElo "2441"]
[WhiteElo "2334"]
[LiveChessVersion "1.4.8"]

1. d4 {[%clk 1:30:52]} d5 {[%clk 1:30:46]} 2. c4 {[%clk 1:31:03]} e6
{[%clk 1:31:11]} 3. Nc3 {[%clk 1:31:08]} c6 {[%clk 1:31:35]} 4. e3
{[%clk 1:31:25]} Nf6 {[%clk 1:31:43]} 5. Nf3 {[%clk 1:31:52]} Nbd7
{[%clk 1:32:04]} 6. Qc2 {[%clk 1:32:00]} Bd6 {[%clk 1:32:26]} 7. b3
{[%clk 1:32:18]} O-O {[%clk 1:32:39]} 8. Bb2 {[%clk 1:32:34]} e5 {[%clk 1:30:13]}
9. Be2 {[%clk 1:31:48]} e4 {[%clk 1:29:49]} 10. Nd2 {[%clk 1:32:11]} Re8
{[%clk 1:27:57]} 11. O-O-O {[%clk 1:26:07]} Nf8 {[%clk 1:27:57]} 12. Rdg1 a6
{[%clk 1:18:31]} 13. g4 {[%clk 1:25:00]} Be6 {[%clk 1:18:36]} 14. h4
{[%clk 1:20:06]} b5 {[%clk 1:18:26]} 15. c5 {[%clk 1:18:48]} Bc7 {[%clk 1:17:11]}
16. Nd1 {[%clk 1:17:34]} Qc8 {[%clk 1:11:21]} 17. g5 {[%clk 1:16:28]} Ng4 18. f3
{[%clk 0:36:25]} exf3 {[%clk 1:08:46]} 19. Bxf3 {[%clk 0:33:59]} Bf5 20. Qc3
{[%clk 0:30:32]} b4 {[%clk 1:06:01]} 21. Qxb4 {[%clk 0:30:03]} Nxe3
{[%clk 1:06:03]} 22. Qc3 Bf4 {[%clk 0:58:09]} 23. Re1 {[%clk 0:18:37]} Nc2
{[%clk 0:56:57]} 24. Rxe8 {[%clk 0:09:35]} Qxe8 {[%clk 0:57:21]} 25. Nf2
{[%clk 0:08:55]} Ne1 {[%clk 0:51:43]} 26. Rf1 {[%clk 0:01:59]} Ra7
{[%clk 0:51:22]} 27. Bg4 {[%clk 0:00:56]} Bxg4 {[%clk 0:49:23]} 28. Nxg4
{[%clk 0:01:20]} Qe2 {[%clk 0:49:31]} 29. Rxf4 {[%clk 0:01:14]} Nd3+
{[%clk 0:49:54]} 30. Kc2 {[%clk 0:01:42]} Nxf4 {[%clk 0:50:13]} 31. Ne5
{[%clk 0:02:09]} Rc7 {[%clk 0:49:10]} 32. Qg3 {[%clk 0:00:52]} N8e6
{[%clk 0:49:04]} 33. Bc3 {[%clk 0:00:50]} Ng2 {[%clk 0:49:05]} 34. a4
{[%clk 0:00:35]} Ne3+ {[%clk 0:48:48]} 35. Kb2 {[%clk 0:00:58]} Nf5
{[%clk 0:45:43]} 36. Qf3 {[%clk 0:00:38]} Nfxd4 {[%clk 0:45:45]} 37. Qxe2
{[%clk 0:00:53]} Nxe2 {[%clk 0:46:09]} 38. Ba5 {[%clk 0:01:13]} Rc8
{[%clk 0:46:20]} 39. b4 {[%clk 0:01:42]} f6 {[%clk 0:46:04]} 40. gxf6
{[%clk 0:01:58]} gxf6 {[%clk 0:46:29]} 41. Nef3 {[%clk 0:01:39]} Kf7
{[%clk 0:46:40]} 42. Nb3 {[%clk 0:01:37]} Rg8 {[%clk 0:46:44]} 43. Bb6
{[%clk 0:01:39]} Rg3 {[%clk 0:46:55]} 44. Nfd2 {[%clk 0:01:59]} Nc3
{[%clk 0:46:26]} 0-1

[Event "AsianNationCup2018"]
[Site "Hamedan"]
[Date "2018.07.31"]
[Round "4.13"]
[White "Hossain, Enamul"]
[Black "Yakubboev, Nodirbek"]
[Result "1/2-1/2"]
[BlackElo "2512"]
[WhiteElo "2473"]
[LiveChessVersion "1.4.8"]

1. e4 {[%clk 1:30:57]} c5 {[%clk 1:30:10]} 2. Nf3 {[%clk 1:31:18]} d6
{[%clk 1:29:45]} 3. d4 {[%clk 1:30:46]} cxd4 {[%clk 1:29:56]} 4. Nxd4
{[%clk 1:31:11]} Nf6 {[%clk 1:30:07]} 5. Nc3 {[%clk 1:31:38]} a6 {[%clk 1:29:32]}
6. Be3 {[%clk 1:31:32]} e5 {[%clk 1:29:17]} 7. Nb3 {[%clk 1:31:58]} Be6
{[%clk 1:29:06]} 8. f3 {[%clk 1:32:15]} h5 {[%clk 1:23:15]} 9. Qd2
{[%clk 1:31:11]} Nbd7 {[%clk 1:22:42]} 10. Nd5 {[%clk 1:30:20]} Bxd5
{[%clk 1:21:00]} 11. exd5 {[%clk 1:30:47]} Qc7 {[%clk 1:20:13]} 12. c4
{[%clk 1:29:37]} g6 {[%clk 1:19:55]} 13. Be2 Bg7 {[%clk 1:11:54]} 14. O-O
{[%clk 1:28:54]} b6 {[%clk 0:55:04]} 15. Rac1 {[%clk 1:21:33]} Nc5
{[%clk 0:38:33]} 16. Na1 {[%clk 1:21:33]} e4 17. b4 Ncd7 {[%clk 0:38:33]} 18. f4
{[%clk 1:14:07]} a5 {[%clk 0:34:32]} 19. a3 {[%clk 1:09:09]} axb4 20. axb4
{[%clk 1:07:19]} Ng4 {[%clk 0:30:04]} 21. Bd4 {[%clk 1:02:59]} Bxd4+
{[%clk 0:26:45]} 22. Qxd4 {[%clk 1:03:25]} Ngf6 {[%clk 0:27:07]} 23. Nb3 O-O
{[%clk 0:24:37]} 24. Qd2 {[%clk 0:53:54]} Rfe8 {[%clk 0:21:32]} 25. Nd4
{[%clk 0:52:19]} e3 {[%clk 0:19:52]} 26. Qd3 {[%clk 0:50:36]} Ra2
{[%clk 0:14:44]} 27. Nb5 {[%clk 0:49:13]} Qd8 {[%clk 0:13:20]} 28. Bf3
{[%clk 0:45:10]} Qe7 {[%clk 0:08:08]} 29. h3 {[%clk 0:37:50]} Nb8
{[%clk 0:01:53]} 30. Qb3 {[%clk 0:31:47]} Rd2 {[%clk 0:01:35]} 31. Ra1
{[%clk 0:29:23]} Nh7 {[%clk 0:01:23]} 32. Qc3 {[%clk 0:27:46]} g5
{[%clk 0:01:01]} 33. Bxh5 {[%clk 0:24:42]} Nf6 {[%clk 0:01:30]} 34. Bg4
{[%clk 0:16:16]} Nxg4 {[%clk 0:01:06]} 35. hxg4 {[%clk 0:16:44]} Nd7
{[%clk 0:01:16]} 36. Rae1 {[%clk 0:08:12]} Nf6 {[%clk 0:00:56]} 37. Nd4
{[%clk 0:07:46]} Nxg4 {[%clk 0:00:46]} 38. Nf5 {[%clk 0:07:09]} Rxg2+
{[%clk 0:00:48]} 39. Kxg2 {[%clk 0:07:37]} Qe4+ {[%clk 0:01:17]} 40. Rf3
{[%clk 0:04:09]} Qxf5 {[%clk 0:01:43]} 41. fxg5 {[%clk 0:02:37]} Qxg5
{[%clk 0:01:57]} 42. Qd4 {[%clk 0:24:26]} f5 {[%clk 0:27:15]} 43. Qf4
{[%clk 0:24:01]} Qg7 {[%clk 0:23:59]} 44. Re2 {[%clk 0:23:10]} Re5
{[%clk 0:22:12]} 45. Rh3 {[%clk 0:20:58]} Qg6 {[%clk 0:20:18]} 46. Rf3
{[%clk 0:16:55]} Kf7 {[%clk 0:19:34]} 47. c5 {[%clk 0:16:57]} dxc5
{[%clk 0:12:25]} 48. bxc5 {[%clk 0:17:04]} bxc5 {[%clk 0:12:07]} 49. Qc4
{[%clk 0:14:36]} Ke7 {[%clk 0:08:29]} 50. Qxc5+ {[%clk 0:05:17]} Qd6
{[%clk 0:08:55]} 51. Qa7+ {[%clk 0:05:23]} Kf6 {[%clk 0:08:35]} 52. Qd4
{[%clk 0:03:31]} Kg6 {[%clk 0:08:44]} 53. Rg3 {[%clk 0:02:51]} Qxd5+
{[%clk 0:08:17]} 54. Qxd5 {[%clk 0:03:14]} Rxd5 {[%clk 0:08:41]} 55. Rexe3
{[%clk 0:03:17]} f4 {[%clk 0:08:14]} 56. Rxg4+ {[%clk 0:03:26]} Kf5
{[%clk 0:08:43]} 57. Rxf4+ {[%clk 0:03:48]} Kxf4 {[%clk 0:09:11]} 1/2-1/2

[Event "AsianNationCup2018"]
[Site "Hamedan"]
[Date "2018.07.31"]
[Round "4.14"]
[White "Khoroshev, Nikita"]
[Black "Islam, Kh. Aminul"]
[Result "1-0"]
[BlackElo "2293"]
[WhiteElo "2424"]
[LiveChessVersion "1.4.8"]

1. Nf3 {[%clk 1:30:33]} Nf6 {[%clk 1:30:44]} 2. g3 {[%clk 1:30:40]} b6
{[%clk 1:30:24]} 3. Bg2 {[%clk 1:29:39]} Bb7 {[%clk 1:30:22]} 4. O-O
{[%clk 1:29:18]} c5 {[%clk 1:30:06]} 5. d3 {[%clk 1:24:08]} g6 {[%clk 1:27:38]}
6. e4 {[%clk 1:22:09]} Bg7 {[%clk 1:27:52]} 7. Nc3 {[%clk 1:19:30]} O-O
{[%clk 1:27:10]} 8. Bg5 {[%clk 1:18:37]} h6 {[%clk 1:26:38]} 9. Bd2
{[%clk 1:16:09]} Na6 10. Qc1 {[%clk 1:16:02]} Kh7 {[%clk 1:25:09]} 11. e5
{[%clk 1:12:03]} Ne8 {[%clk 1:22:50]} 12. Ng5+ {[%clk 1:05:09]} hxg5
{[%clk 1:23:07]} 13. Bxb7 {[%clk 1:05:35]} 1-0

[Event "AsianNationCup2018"]
[Site "Hamedan"]
[Date "2018.07.31"]
[Round "4.15"]
[White "Mohammad Fahad, Rahman"]
[Black "Sindarov, Javokhir"]
[Result "1-0"]
[BlackElo "2474"]
[WhiteElo "2237"]
[LiveChessVersion "1.4.8"]

1. e4 e5 {[%clk 1:30:48]} 2. Nf3 {[%clk 1:31:14]} Nc6 {[%clk 1:31:13]} 3. Bb5
{[%clk 1:31:38]} a6 {[%clk 1:31:38]} 4. Ba4 {[%clk 1:32:01]} Nf6 {[%clk 1:32:22]}
5. O-O {[%clk 1:30:54]} Be7 6. Qe2 {[%clk 1:31:23]} b5 {[%clk 1:31:10]} 7. Bb3
{[%clk 1:31:23]} d6 {[%clk 1:31:36]} 8. c3 Na5 {[%clk 1:29:43]} 9. Bc2
{[%clk 1:31:46]} c5 10. d4 {[%clk 1:25:45]} cxd4 {[%clk 1:30:22]} 11. cxd4
{[%clk 1:24:29]} Bg4 {[%clk 1:22:22]} 12. a4 {[%clk 1:17:07]} b4 {[%clk 1:22:22]}
13. Nbd2 {[%clk 1:17:07]} O-O {[%clk 1:03:53]} 14. h3 {[%clk 1:14:19]} Qc7
{[%clk 1:03:53]} 15. Bd3 {[%clk 1:14:19]} Bd7 {[%clk 1:03:53]} 16. b3
{[%clk 1:14:19]} Nh5 {[%clk 1:03:53]} 17. Bb2 {[%clk 1:14:19]} Nf4
{[%clk 1:03:53]} 18. Qe3 {[%clk 1:14:19]} Qa7 {[%clk 1:03:53]} 19. Bc4
{[%clk 1:14:19]} Nxc4 {[%clk 1:03:53]} 20. Nxc4 {[%clk 1:14:19]} f6
{[%clk 0:51:54]} 21. Rfd1 {[%clk 1:09:08]} Be6 22. d5 {[%clk 0:57:56]} Bf7
{[%clk 0:48:43]} 23. Nd4 {[%clk 0:58:09]} Nxd5 {[%clk 0:41:08]} 24. exd5
{[%clk 0:58:25]} exd4 {[%clk 0:41:34]} 25. Bxd4 {[%clk 0:56:53]} Qb7 26. Na5
{[%clk 0:50:25]} Qd7 {[%clk 0:34:18]} 27. Nc6 {[%clk 0:49:29]} Rfe8
{[%clk 0:33:30]} 28. Qd3 {[%clk 0:45:38]} Qb7 {[%clk 0:25:54]} 29. Be3
{[%clk 0:45:08]} Bd8 {[%clk 0:23:08]} 30. Rac1 {[%clk 0:40:58]} Bb6
{[%clk 0:21:04]} 31. Bxb6 {[%clk 0:40:30]} Qxb6 {[%clk 0:21:30]} 32. Rc4
{[%clk 0:40:42]} Qb5 {[%clk 0:13:47]} 33. Qd4 {[%clk 0:38:12]} Bh5
{[%clk 0:08:42]} 34. f3 {[%clk 0:37:01]} Bg6 {[%clk 0:07:50]} 35. Qf4
{[%clk 0:34:59]} Kh8 {[%clk 0:02:31]} 36. Qxd6 {[%clk 0:35:06]} Bf7
{[%clk 0:02:58]} 37. Qc5 {[%clk 0:33:34]} Qb7 {[%clk 0:03:21]} 38. Rxb4
{[%clk 0:32:19]} Qd7 {[%clk 0:03:43]} 39. Re4 {[%clk 0:29:54]} Rac8
{[%clk 0:03:49]} 40. Re7 {[%clk 0:29:12]} Rxe7 {[%clk 0:02:36]} 41. Qxe7
{[%clk 0:29:40]} Qxe7 {[%clk 0:03:01]} 42. Nxe7 {[%clk 0:29:58]} Rd8
{[%clk 0:03:28]} 43. b4 {[%clk 0:30:09]} g6 {[%clk 0:02:43]} 44. d6
{[%clk 0:24:15]} Be6 {[%clk 0:00:38]} 45. Nc6 {[%clk 0:23:38]} Rc8
{[%clk 0:01:04]} 46. Nd4 {[%clk 0:22:59]} Bd7 {[%clk 0:01:30]} 47. Nb3
{[%clk 0:22:28]} Bxa4 {[%clk 0:01:33]} 48. Rc1 {[%clk 0:22:31]} Rb8
{[%clk 0:00:41]} 49. Nc5 {[%clk 0:22:41]} Bb5 {[%clk 0:01:08]} 50. Re1
{[%clk 0:18:35]} Kg8 {[%clk 0:01:27]} 51. Re7 {[%clk 0:18:49]} h5
{[%clk 0:01:53]} 52. Ne6 {[%clk 0:18:34]} 1-0

[Event "AsianNationCup2018"]
[Site "Hamedan"]
[Date "2018.07.31"]
[Round "4.16"]
[White "Abdisalimov, Abdimalik"]
[Black "Mohammad, Minhaz Uddin"]
[Result "1-0"]
[BlackElo "2330"]
[WhiteElo "2331"]
[LiveChessVersion "1.4.8"]

1. d4 {[%clk 1:30:36]} Nf6 {[%clk 1:30:53]} 2. c4 {[%clk 1:31:01]} e6
{[%clk 1:31:14]} 3. Nc3 {[%clk 1:31:28]} Bb4 4. e3 O-O {[%clk 1:31:38]} 5. Bd3
{[%clk 1:32:11]} c5 {[%clk 1:31:24]} 6. Nf3 {[%clk 1:32:17]} d5 {[%clk 1:31:35]}
7. cxd5 {[%clk 1:32:22]} exd5 {[%clk 1:23:36]} 8. O-O {[%clk 1:32:38]} Nc6
{[%clk 1:23:47]} 9. dxc5 {[%clk 1:33:05]} Bxc5 {[%clk 1:21:53]} 10. h3
{[%clk 1:32:52]} a6 {[%clk 1:21:13]} 11. Ne2 Re8 {[%clk 1:12:29]} 12. b3
{[%clk 1:27:13]} Bd7 {[%clk 1:02:02]} 13. Bb2 {[%clk 1:27:21]} Nb4
{[%clk 0:59:53]} 14. Bb1 {[%clk 1:23:37]} Bb5 {[%clk 0:56:41]} 15. Re1
{[%clk 1:21:39]} Bxe2 {[%clk 0:55:22]} 16. Qxe2 {[%clk 1:15:30]} Ne4
{[%clk 0:55:22]} 17. a3 {[%clk 1:15:30]} Nc6 {[%clk 0:55:22]} 18. b4
{[%clk 1:15:30]} Ba7 {[%clk 0:55:22]} 19. Ba2 {[%clk 1:15:30]} Ne7
{[%clk 0:55:22]} 20. Qd3 {[%clk 1:15:30]} Qd6 {[%clk 0:55:22]} 21. Rad1 Rad8
{[%clk 0:50:11]} 22. Ne5 {[%clk 1:15:30]} Nc6 {[%clk 0:39:03]} 23. Qxe4
{[%clk 0:57:45]} Nxe5 {[%clk 0:39:17]} 24. Rxd5 {[%clk 0:56:34]} Qc7
{[%clk 0:39:17]} 1-0

[Event "AsianNationCup2018"]
[Site "Hamedan"]
[Date "2018.08.01"]
[Round "5.1"]
[White "Nguyen, Ngoc Truong Son"]
[Black "Maghsoodloo, Parham"]
[Result "1/2-1/2"]
[BlackElo "2636"]
[WhiteElo "2618"]
[LiveChessVersion "1.4.8"]

1. d4 {[%clk 1:30:56]} d5 {[%clk 1:30:51]} 2. Nf3 {[%clk 1:31:10]} Nf6
{[%clk 1:31:13]} 3. c4 {[%clk 1:31:14]} c6 {[%clk 1:31:37]} 4. Qb3
{[%clk 1:29:41]} dxc4 {[%clk 1:23:33]} 5. Qxc4 {[%clk 1:29:59]} Bf5
{[%clk 1:23:49]} 6. g3 {[%clk 1:28:11]} Nbd7 {[%clk 1:23:33]} 7. Bg2
{[%clk 1:28:09]} e6 {[%clk 1:23:15]} 8. O-O {[%clk 1:28:04]} Be7 {[%clk 1:22:59]}
9. Nc3 {[%clk 1:25:13]} O-O {[%clk 1:20:25]} 10. Re1 {[%clk 1:22:57]} Ne4
{[%clk 1:17:40]} 11. Qb3 {[%clk 1:22:38]} Qb6 {[%clk 1:14:04]} 12. Nh4
{[%clk 1:19:12]} Qxb3 {[%clk 1:08:23]} 13. axb3 {[%clk 1:17:30]} Bb4
{[%clk 1:08:46]} 14. Nxf5 {[%clk 1:16:02]} exf5 {[%clk 1:09:10]} 15. Bxe4
{[%clk 1:16:03]} fxe4 {[%clk 1:08:43]} 16. Bd2 {[%clk 1:15:43]} Rfe8
{[%clk 1:06:55]} 17. Nxe4 {[%clk 1:15:23]} Rxe4 {[%clk 1:07:20]} 18. Bxb4
{[%clk 1:15:48]} Rxd4 {[%clk 1:07:46]} 19. Bc3 {[%clk 1:15:30]} Re4
{[%clk 1:07:22]} 20. Red1 {[%clk 1:14:21]} Nf8 {[%clk 1:07:21]} 21. e3
{[%clk 1:13:31]} Ree8 {[%clk 1:05:08]} 22. Rd3 {[%clk 1:10:23]} f6
{[%clk 1:04:20]} 23. f3 {[%clk 1:06:39]} Kf7 {[%clk 1:04:37]} 24. Kf2
{[%clk 1:06:21]} Ne6 {[%clk 1:03:38]} 25. b4 {[%clk 1:06:08]} Nc7
{[%clk 1:02:42]} 26. Rd7+ {[%clk 1:04:45]} Re7 {[%clk 1:03:06]} 27. Rxe7+
{[%clk 1:04:36]} Kxe7 {[%clk 1:03:27]} 28. Bd4 {[%clk 1:01:22]} Nb5 29. Bc5+
{[%clk 0:50:09]} 1/2-1/2

[Event "AsianNationCup2018"]
[Site "Hamedan"]
[Date "2018.08.01"]
[Round "5.2"]
[White "Idani, Pouya"]
[Black "Tran, Tuan Minh"]
[Result "1/2-1/2"]
[BlackElo "2520"]
[WhiteElo "2583"]
[LiveChessVersion "1.4.8"]

1. e4 {[%clk 1:30:57]} c5 {[%clk 1:30:45]} 2. Nf3 {[%clk 1:31:23]} d6
{[%clk 1:30:57]} 3. d4 {[%clk 1:31:49]} cxd4 {[%clk 1:31:23]} 4. Nxd4
{[%clk 1:32:16]} Nf6 {[%clk 1:31:48]} 5. Nc3 {[%clk 1:32:42]} a6 {[%clk 1:31:55]}
6. h3 {[%clk 1:33:07]} e5 {[%clk 1:32:06]} 7. Nde2 {[%clk 1:33:32]} h5
{[%clk 1:29:00]} 8. Bg5 {[%clk 1:33:43]} Be7 {[%clk 1:29:02]} 9. Ng3
{[%clk 1:34:02]} g6 {[%clk 1:28:21]} 10. Bc4 {[%clk 1:33:39]} Be6
{[%clk 1:27:17]} 11. Bxf6 {[%clk 1:23:00]} Bxf6 {[%clk 1:27:38]} 12. Nd5
{[%clk 1:23:28]} Bg5 {[%clk 1:26:08]} 13. a4 {[%clk 1:22:52]} O-O
{[%clk 1:21:51]} 14. Ne2 {[%clk 1:21:43]} Nc6 {[%clk 1:11:21]} 15. O-O
{[%clk 1:21:07]} Rc8 {[%clk 1:11:27]} 16. c3 {[%clk 1:17:19]} Bh6
{[%clk 1:01:28]} 17. Qd3 {[%clk 1:16:40]} Kh7 {[%clk 0:46:26]} 18. Rad1
{[%clk 1:14:22]} Na5 {[%clk 0:45:33]} 19. Ba2 {[%clk 1:14:39]} b5
{[%clk 0:44:30]} 20. axb5 {[%clk 1:06:17]} axb5 {[%clk 0:44:53]} 21. b3 b4
{[%clk 0:36:14]} 22. cxb4 {[%clk 0:58:03]} Nc6 {[%clk 0:36:34]} 23. b5
{[%clk 0:53:50]} Bxd5 {[%clk 0:35:42]} 24. bxc6 {[%clk 0:54:15]} Bxc6
{[%clk 0:36:08]} 25. b4 {[%clk 0:54:39]} Qb6 {[%clk 0:25:03]} 26. Qxd6
{[%clk 0:46:20]} Qa6 {[%clk 0:18:38]} 27. Nc3 {[%clk 0:45:49]} Qa3
{[%clk 0:17:44]} 28. b5 {[%clk 0:46:11]} Qxc3 {[%clk 0:17:55]} 29. bxc6
{[%clk 0:46:36]} Rxc6 {[%clk 0:18:12]} 1/2-1/2

[Event "AsianNationCup2018"]
[Site "Hamedan"]
[Date "2018.08.01"]
[Round "5.3"]
[White "Nguyen, Anh Khoi"]
[Black "Tabatabaei, M.Amin"]
[Result "1/2-1/2"]
[BlackElo "2590"]
[WhiteElo "2454"]
[LiveChessVersion "1.4.8"]

1. d4 {[%clk 1:30:52]} Nf6 {[%clk 1:30:54]} 2. c4 {[%clk 1:31:13]} e6
{[%clk 1:31:21]} 3. g3 {[%clk 1:31:23]} d5 {[%clk 1:31:42]} 4. Bg2
{[%clk 1:31:36]} Bb4+ {[%clk 1:31:50]} 5. Bd2 {[%clk 1:31:49]} Be7
{[%clk 1:32:13]} 6. Nf3 {[%clk 1:32:10]} O-O {[%clk 1:32:35]} 7. O-O
{[%clk 1:32:22]} c6 {[%clk 1:33:02]} 8. Na3 {[%clk 1:30:10]} b6 {[%clk 1:32:08]}
9. Rc1 {[%clk 1:30:19]} Nbd7 {[%clk 1:31:06]} 10. cxd5 {[%clk 1:25:43]} cxd5
{[%clk 1:31:11]} 11. Qb3 {[%clk 1:18:22]} Ne4 {[%clk 1:22:20]} 12. Be3
{[%clk 1:06:47]} a6 {[%clk 1:12:05]} 13. Nb1 {[%clk 0:49:34]} a5 {[%clk 1:09:17]}
14. Nc3 {[%clk 0:39:32]} Nxc3 {[%clk 1:08:20]} 15. bxc3 {[%clk 0:39:18]} Ba6
{[%clk 1:08:02]} 16. Rfe1 b5 {[%clk 0:56:47]} 17. Bd2 {[%clk 0:31:12]} f5
{[%clk 0:34:09]} 18. Rb1 {[%clk 0:22:36]} a4 {[%clk 0:32:27]} 19. Qd1
{[%clk 0:20:49]} g5 {[%clk 0:32:41]} 20. h3 {[%clk 0:18:01]} Rc8 {[%clk 0:30:55]}
21. e3 {[%clk 0:16:50]} h5 {[%clk 0:28:53]} 22. g4 hxg4 23. hxg4 Bd6 24. gxf5
exf5 25. e4 dxe4 26. Nxg5 Nf6 27. f3 Nh7 28. fxe4 Nxg5 29. Qh5 Nh7 30. e5 Be7 31.
Re3 Rc7 32. Qg6+ Kh8 33. Rh3 Bf6 34. exf6 Rxf6 35. Qh5 Qg8 36. Kh1 Rg7 37. Bf3 f4
38. Re1 Bc8 39. Re8 Rf8 40. Rxf8 Qxf8 41. Rh4 Qe7 42. Rxf4 Bb7 43. d5 Rg5 44. Qh4
Qc5 45. Qe1 Bxd5 46. Be3 Re5 47. Bxc5 Rxe1+ 48. Kh2 Bxf3 49. Rxf3 Ng5 50. Rf2 Kh7
1/2-1/2

[Event "AsianNationCup2018"]
[Site "Hamedan"]
[Date "2018.08.01"]
[Round "5.4"]
[White "Firouzja, Alireza"]
[Black "Nguyen, Duc Hoa"]
[Result "1-0"]
[BlackElo "2441"]
[WhiteElo "2561"]
[LiveChessVersion "1.4.8"]

1. e4 {[%clk 1:30:56]} c5 {[%clk 1:30:48]} 2. Nf3 {[%clk 1:31:20]} e6
{[%clk 1:29:56]} 3. d4 {[%clk 1:31:43]} cxd4 {[%clk 1:30:22]} 4. Nxd4
{[%clk 1:32:07]} Nc6 {[%clk 1:30:45]} 5. Nc3 {[%clk 1:32:33]} Qc7
{[%clk 1:31:10]} 6. Be3 {[%clk 1:32:57]} a6 {[%clk 1:31:36]} 7. Qf3
{[%clk 1:33:22]} Nf6 {[%clk 1:30:39]} 8. O-O-O {[%clk 1:33:44]} Ne5
{[%clk 1:28:42]} 9. Qg3 {[%clk 1:34:08]} b5 {[%clk 1:29:07]} 10. a3
{[%clk 1:34:18]} Bb7 {[%clk 1:16:21]} 11. Bxb5 {[%clk 1:34:27]} axb5
{[%clk 1:13:01]} 12. Ndxb5 {[%clk 1:33:04]} Qb8 {[%clk 1:08:48]} 13. Bb6
{[%clk 1:30:53]} Nc4 {[%clk 1:01:55]} 14. Bc7 {[%clk 1:16:38]} Qc8
{[%clk 1:01:15]} 15. Rd4 {[%clk 1:15:49]} Nxa3 {[%clk 0:54:10]} 16. Nd6+
{[%clk 1:14:03]} Bxd6 {[%clk 0:54:25]} 17. Bxd6 {[%clk 1:14:27]} Nc4
{[%clk 0:41:08]} 18. Rxc4 {[%clk 1:13:53]} Qxc4 {[%clk 0:41:30]} 19. Qxg7
{[%clk 1:14:19]} O-O-O {[%clk 0:41:42]} 20. Qxf6 {[%clk 1:14:44]} Rhg8
{[%clk 0:41:46]} 21. Qe5 {[%clk 1:12:50]} Rxg2 22. Qa5 Rdg8 {[%clk 0:32:19]} 23.
b3 {[%clk 1:10:20]} R8g5 {[%clk 0:28:17]} 24. Qa7 {[%clk 1:10:22]} 1-0